U.S. States with Highest Vacancy Rates - Statistics

General Stats
  • This quiz has been taken 34 times
  • The average score is 7 of 10
Answer Stats
% Vacant State % Correct
20.51 Alaska
86%
16.26 Mississippi
86%
17.69 Alabama
82%
18.12 West Virginia
82%
22.68 Maine
71%
16.74 New Hampshire
71%
22.86 Vermont
71%
17.13 Florida
61%
16.21 Louisiana
61%
15.88 Wyoming
57%
No matching quizzes found
Score Distribution
Percent of People with Each Score
Percentile by Number Answered
Your Score History
You have not taken this quiz